000 00786nam a22002177a 4500
999 _c12641
_d12641
003 AR-CdUCM
008 190409b ||||| |||| 00| 0 spa d
020 _a978-612-46460-3-4
040 _aMUNICIPALIDAD PROVINCIAL DEL CUSCO
_cBIBLIOTECA MUNICIPAL DEL CUSCO
082 _aEP / 895 /
_bR78
100 _aRojas Zimin, Svetlana
_930566
245 _aEnciclopedia ilustrada :
_bLugares turísticos /
260 _aLima :
_bBermudas,
_c2016.
300 _a56 páginas
_c20 cm.
440 _aColección mi Perú.
_930567
505 _aContenido :Machu Picchu -- La ciudad de Caral -- Las lineas de Nazca -- La ciudad de Chan Chan -- Ollantaytambo ...
650 _aCentros históricos
_930585
650 _aLugares turísticos
_930586
942 _2ddc
_cLIBROS
945 _arum
_d2019-04-09